000 002750000a22000970004500
100 1 _aLlewelyn, S. R. (Stephen)
245 1 0 _aMt. 7:6a : Mistranslation or interpretation?
300 _aVol. 31, Num. 2 (Abril, 1989), Páginas 97-103
773 0 _tNovum Testamentum
942 _cANA
999 _c56769
_d56769